[Event "BPB Limburg open"]
[Site "Maastricht"]
[Date "2015.05.25"]
[Round "6"]
[White "Schroer, Marcel"]
[Black "Kalisvaart, Peter"]
[Result "1-0"]
[WhiteElo "2186"]
[BlackElo "2101"]
[PlyCount "111"]
[EventDate "2015.05.22"]
[EventType "swiss"]
[EventRounds "7"]
[EventCountry "NED"]
[Source "P.Boonen"]
[SourceDate "2015.10.01"]

1. d4 d5 2. c4 Nc6 3. cxd5 Qxd5 4. Nf3 e5 5. Nc3 Bb4 6. Bd2 Bxc3 7. Bxc3 e4 8.
Ne5 Nxe5 9. dxe5 Qxd1+ 10. Rxd1 Be6 11. a3 Ne7 12. e3 Rd8 13. Rxd8+ Kxd8 14.
Be2 Ng6 15. f4 exf3 16. gxf3 Re8 17. Kf2 Bb3 18. f4 Bc2 19. Bf3 c6 20. Bd4 a6
21. h4 Kc7 22. h5 Ne7 23. e4 b6 24. Rg1 g6 25. hxg6 hxg6 26. Rh1 c5 27. Bc3 Nc6
28. Rh7 Bb3 29. Bg4 Re7 30. Rg7 b5 31. Ke3 a5 32. Be1 Kb6 33. Bh4 Re8 34. e6
Bxe6 35. Bxe6 Rxe6 36. Rxf7 Nd4 37. Rf6 Nf5+ 38. Kd3 c4+ 39. Kc3 Rxf6 40. Bxf6
Ng3 41. Kd4 Kc6 42. Bd8 a4 43. Ke3 Nh5 44. Ba5 Nf6 45. Kd4 Nd7 46. Bb4 Nf6 47.
Ke5 Nd7+ 48. Ke6 Nc5+ 49. Bxc5 Kxc5 50. f5 gxf5 51. exf5 b4 52. f6 bxa3 53.
bxa3 c3 54. f7 c2 55. f8=Q+ Kc4 56. Qf1+ 1-0

[Event "BPB Limburg open"]
[Site "Maastricht"]
[Date "2015.05.25"]
[Round "6"]
[White "Serbu, Eli"]
[Black "Bauer, Christian"]
[Result "0-1"]
[WhiteElo "2102"]
[BlackElo "2624"]
[PlyCount "54"]
[EventDate "2015.05.22"]
[EventType "swiss"]
[EventRounds "7"]
[EventCountry "NED"]
[Source "P.Boonen"]
[SourceDate "2015.10.01"]

1. e4 e6 2. d4 d5 3. Nd2 Nc6 4. Ngf3 Nf6 5. e5 Nd7 6. Bd3 f6 7. Ng5 Ndxe5 8.
dxe5 fxg5 9. Qh5+ g6 10. Bxg6+ Kd7 11. Bd3 Nxe5 12. Be2 Qf6 13. Nb3 Be7 14. O-O
Ng6 15. c4 c6 16. g3 Rg8 17. Bd2 Kc7 18. Bc3 e5 19. cxd5 cxd5 20. Bf3 Be6 21.
Rac1 Kb8 22. Ba5 b6 23. Rc6 bxa5 24. Nxa5 Qf5 25. Bg2 g4 26. Qh6 Bg5 27. Qh5
Ne7 0-1

[Event "BPB Limburg open"]
[Site "Maastricht"]
[Date "2015.05.25"]
[Round "6"]
[White "Van Dooren, Dirk"]
[Black "Coenen, Michael"]
[Result "1/2-1/2"]
[WhiteElo "2284"]
[BlackElo "2428"]
[PlyCount "124"]
[EventDate "2015.05.22"]
[EventType "swiss"]
[EventRounds "7"]
[EventCountry "NED"]
[Source "P.Boonen"]
[SourceDate "2015.10.01"]

1. e4 c5 2. c3 Nf6 3. e5 Nd5 4. g3 d6 5. exd6 e6 6. Bg2 Bxd6 7. Nf3 Nc6 8. O-O
O-O 9. d4 cxd4 10. Nxd4 Nxd4 11. Qxd4 Qc7 12. Nd2 Bd7 13. Ne4 Be5 14. Qc5 Qb8
15. Qa3 Bc6 16. Bd2 Nb6 17. b3 Qc7 18. Rad1 f5 19. Ng5 Bxg2 20. Kxg2 Qc6+ 21.
Kg1 h6 22. Rfe1 Bd6 23. Qa5 hxg5 24. Rxe6 Rae8 25. Rxe8 Qxe8 26. Bxg5 Bc7 27.
c4 f4 28. c5 Qh5 29. Qe1 fxg3 30. hxg3 Qxg5 31. Qe6+ Rf7 32. Qe8+ Rf8 33. Qe6+
Kh8 34. Kg2 Rf6 35. Rh1+ Rh6 36. cxb6 Bxb6 37. f4 Qd8 38. Rxh6+ gxh6 39. Qxh6+
Kg8 40. Qg6+ Kf8 41. Qf5+ Ke8 42. Qe6+ Qe7 43. Qc8+ Bd8 44. Qc4 a6 45. g4 Kd7
46. g5 Qe6 47. Qd3+ Kc8 48. Kg3 Bc7 49. g6 Qf6 50. Qe4 Kd7 51. Kg4 Qe6+ 52.
Qxe6+ Kxe6 53. Kg5 Bd8+ 54. Kh6 Bf6 55. Kh7 Kf5 56. g7 Bxg7 57. Kxg7 Kxf4 58.
Kf6 Ke4 59. Ke6 Kd4 60. Kd6 Kc3 61. Kc7 Kb2 62. Kxb7 Kxa2 1/2-1/2

[Event "BPB Limburg open"]
[Site "Maastricht"]
[Date "2015.05.25"]
[Round "6"]
[White "Van Laatum, Maarten"]
[Black "Nguyen, Kevin"]
[Result "1/2-1/2"]
[WhiteElo "2023"]
[BlackElo "2090"]
[PlyCount "65"]
[EventDate "2015.05.22"]
[EventType "swiss"]
[EventRounds "7"]
[EventCountry "NED"]
[Source "P.Boonen"]
[SourceDate "2015.10.01"]

1. e4 c5 2. Nf3 d6 3. d4 cxd4 4. Nxd4 Nf6 5. Nc3 g6 6. Be3 Bg7 7. f3 Nc6 8. Qd2
O-O 9. O-O-O Nxd4 10. Bxd4 Be6 11. Kb1 Re8 12. Bb5 Rf8 13. Nd5 Rc8 14. Nxf6+
Bxf6 15. Bxf6 exf6 16. Ba4 Rc4 17. Bb3 Rc6 18. h4 Bxb3 19. axb3 Qe7 20. h5 Qe5
21. hxg6 fxg6 22. Qd5+ Qxd5 23. Rxd5 Rd8 24. Rhd1 Kf7 25. g4 Rd7 26. b4 Ke8 27.
c3 Kd8 28. Kc2 Kc7 29. Ra1 Kb6 30. Rad1 Kc7 31. Ra1 Kb8 32. Rad1 Kc7 33. Ra1
1/2-1/2

[Event "BPB Limburg open"]
[Site "Maastricht"]
[Date "2015.05.25"]
[Round "6"]
[White "Van Osch, Mees"]
[Black "Tate, Emory"]
[Result "1-0"]
[WhiteElo "2248"]
[BlackElo "2256"]
[PlyCount "49"]
[EventDate "2015.05.22"]
[EventType "swiss"]
[EventRounds "7"]
[EventCountry "NED"]
[Source "P.Boonen"]
[SourceDate "2015.10.01"]

1. e4 e6 2. d4 d5 3. Nc3 Bb4 4. e5 f6 5. Nf3 c5 6. a3 Ba5 7. dxc5 Bxc3+ 8. bxc3
Nd7 9. c4 d4 10. Qxd4 Ne7 11. exf6 gxf6 12. Bd3 Qc7 13. Be3 Qa5+ 14. Bd2 Qxc5
15. O-O Qxd4 16. Nxd4 Nf8 17. Nb5 Kd7 18. Bc3 e5 19. f4 a6 20. fxe5 fxe5 21.
Bxe5 Rg8 22. Nc7 Ra7 23. Rad1 Nc6 24. Bg6+ Ke7 25. Rf7# 1-0

[Event "BPB Limburg open"]
[Site "Maastricht"]
[Date "2015.05.25"]
[Round "6"]
[White "Van de Perre, Tom"]
[Black "Timmermans, Ivo"]
[Result "1/2-1/2"]
[WhiteElo "2073"]
[BlackElo "2157"]
[PlyCount "112"]
[EventDate "2015.05.22"]
[EventType "swiss"]
[EventRounds "7"]
[EventCountry "NED"]
[Source "P.Boonen"]
[SourceDate "2015.10.01"]

1. e4 e5 2. Nf3 Nc6 3. Bb5 Nf6 4. d3 Bc5 5. Bxc6 dxc6 6. Nbd2 Nd7 7. Nc4 O-O 8.
O-O Re8 9. Bg5 f6 10. Be3 Bf8 11. Nh4 Nc5 12. Nf5 Be6 13. b3 Qd7 14. Qf3 a5 15.
Nxa5 Rxa5 16. b4 Rb5 17. bxc5 Bxc5 18. a4 Ra5 19. Bd2 Ra7 20. a5 Rea8 21. Rab1
b5 22. axb6 cxb6 23. Be3 Bxe3 24. Nxe3 b5 25. Rfc1 Ra3 26. Qd1 Qd4 27. Qd2 R8a4
28. c3 Qd6 29. Nc2 Rb3 30. Rxb3 Bxb3 31. Rb1 Be6 32. Qe3 h6 33. h4 Ra2 34. Nb4
Ra3 35. d4 Bc4 36. g4 exd4 37. Qxd4 Qf4 38. e5 fxe5 39. Qxf4 exf4 40. Nxc6 Rxc3
41. Nd4 Rh3 42. f3 Rxh4 43. Nxb5 h5 44. gxh5 Rxh5 45. Nd6 Bd5 46. Kg2 Rg5+ 47.
Kf2 Rg6 48. Rb8+ Kh7 49. Nf5 Ra6 50. Nd4 Ra2+ 51. Ke1 Ra3 52. Kf2 Ra2+ 53. Ke1
g5 54. Rb5 Ra1+ 55. Kf2 Ra2+ 56. Ke1 Ra1+ 1/2-1/2

[Event "BPB Limburg open"]
[Site "Maastricht"]
[Date "2015.05.25"]
[Round "6"]
[White "Vereggen, Lars"]
[Black "Boer, Alef"]
[Result "1-0"]
[WhiteElo "2299"]
[BlackElo "2180"]
[PlyCount "55"]
[EventDate "2015.05.22"]
[EventType "swiss"]
[EventRounds "7"]
[EventCountry "NED"]
[Source "P.Boonen"]
[SourceDate "2015.10.01"]

1. d4 d5 2. c4 e6 3. Nf3 Nf6 4. e3 c6 5. Nbd2 Nbd7 6. Bd3 a6 7. O-O Bd6 8. e4
dxe4 9. Nxe4 Nxe4 10. Bxe4 Qc7 11. Re1 h6 12. Bc2 c5 13. b4 b6 14. Bb2 Nf6 15.
bxc5 bxc5 16. d5 Rb8 17. Bc3 Rb7 18. Qd3 Kf8 19. Rad1 exd5 20. Bxf6 gxf6 21.
Qxd5 Be7 22. Bf5 Kg7 23. Bxc8 Rxc8 24. Nh4 Rd8 25. Nf5+ Kf8 26. Qf3 Rxd1 27.
Qxd1 Qc6 28. Qg4 1-0

[Event "BPB Limburg open"]
[Site "Maastricht"]
[Date "2015.05.25"]
[Round "6"]
[White "Warmerdam, Max"]
[Black "Van Eetvelde, Ward"]
[Result "1-0"]
[WhiteElo "2278"]
[BlackElo "2102"]
[PlyCount "65"]
[EventDate "2015.05.22"]
[EventType "swiss"]
[EventRounds "7"]
[EventCountry "NED"]
[Source "P.Boonen"]
[SourceDate "2015.10.01"]

1. e4 c6 2. d4 d5 3. Nc3 g6 4. Nf3 Bg4 5. Be2 Bg7 6. Be3 e6 7. Nd2 Bxe2 8. Qxe2
Ne7 9. O-O-O Na6 10. h4 Rc8 11. h5 b5 12. h6 Bf8 13. Bg5 b4 14. Qxa6 bxc3 15.
bxc3 Qc7 16. Qa4 Rg8 17. Rde1 Rb8 18. Rh3 Rb5 19. exd5 Nxd5 20. Ne4 Ra5 21. Qb3
Be7 22. Bxe7 Kxe7 23. Rf3 Rb8 24. Qc4 Nf4 25. g3 Nh3 26. Nc5 Ng5 27. Rfe3 Rab5
28. Kd2 Rd8 29. f4 Rd5 30. Nd3 Nh3 31. Rh1 Nf2 32. Nxf2 Rbc5 33. Qd3 1-0

[Event "BPB Limburg open"]
[Site "Maastricht"]
[Date "2015.05.25"]
[Round "6"]
[White "Watzlawek, Markus"]
[Black "Bhattacharjee, Sourav"]
[Result "0-1"]
[WhiteElo "2107"]
[BlackElo "2042"]
[PlyCount "78"]
[EventDate "2015.05.22"]
[EventType "swiss"]
[EventRounds "7"]
[EventCountry "NED"]
[Source "P.Boonen"]
[SourceDate "2015.10.01"]

1. d4 Nf6 2. c4 g6 3. Nc3 Bg7 4. e4 d6 5. f3 O-O 6. Nge2 Nfd7 7. Bg5 h6 8. Be3
c5 9. d5 Ne5 10. Ng3 Qa5 11. Qd2 h5 12. Be2 Nbd7 13. Rc1 h4 14. Nf1 h3 15. g4
Nf6 16. Ng3 a6 17. O-O Bd7 18. a4 Rfb8 19. Qd1 b5 20. axb5 axb5 21. cxb5 Bxb5
22. Nxb5 Rxb5 23. Bxb5 Qxb5 24. b3 Ra3 25. Rb1 Nfd7 26. Rf2 Qd3 27. Qxd3 Nxd3
28. Rd2 N7e5 29. Kf1 c4 30. Ke2 c3 31. Rxd3 Ra2+ 32. Rd2 cxd2 33. Nf1 d1=Q+ 34.
Kxd1 Nxf3 35. Bf4 Be5 36. Bxe5 dxe5 37. b4 Nxh2 38. Ng3 Nxg4 39. b5 Ne3+ 0-1

[Event "BPB Limburg open"]
[Site "Maastricht"]
[Date "2015.05.25"]
[Round "6"]
[White "Wecker, Martin"]
[Black "Van den Berg, Bram"]
[Result "1-0"]
[WhiteElo "2122"]
[BlackElo "2199"]
[PlyCount "91"]
[EventDate "2015.05.22"]
[EventType "swiss"]
[EventRounds "7"]
[EventCountry "NED"]
[Source "P.Boonen"]
[SourceDate "2015.10.01"]

1. Nf3 g6 2. c4 Bg7 3. d4 Nf6 4. g3 O-O 5. Bg2 d6 6. O-O Nbd7 7. Nc3 e5 8. e4
a5 9. h3 h6 10. Re1 Kh7 11. Be3 Re8 12. Qc2 exd4 13. Nxd4 Nc5 14. Rad1 Bd7 15.
b3 Qc8 16. Kh2 Ne6 17. f4 Nxd4 18. Bxd4 Bc6 19. Nd5 Bxd5 20. cxd5 Nd7 21. Bf2
b6 22. Bf1 Nc5 23. Bb5 Re7 24. Re2 Qh8 25. Qc4 Rf8 26. Rdd2 Bf6 27. a3 g5 28.
b4 axb4 29. axb4 Nd7 30. e5 dxe5 31. Qxc7 Rc8 32. Qd6 gxf4 33. Bxd7 Rd8 34.
Bf5+ Kg7 35. Qxb6 Rb8 36. Qc5 Reb7 37. Re4 Qd8 38. d6 Rb5 39. Qc7 Qg8 40. d7
Kh8 41. gxf4 exf4 42. Qxf4 Bg5 43. Bd4+ f6 44. Bxf6+ Bxf6 45. Qxh6+ Qh7 46.
Qxh7# 1-0

[Event "BPB Limburg open"]
[Site "Maastricht"]
[Date "2015.05.25"]
[Round "6"]
[White "Weiler, Wolfgang"]
[Black "Broekmeulen, Joris"]
[Result "0-1"]
[WhiteElo "2121"]
[BlackElo "2124"]
[PlyCount "68"]
[EventDate "2015.05.22"]
[EventType "swiss"]
[EventRounds "7"]
[EventCountry "NED"]
[Source "P.Boonen"]
[SourceDate "2015.10.01"]

1. e4 d5 2. exd5 Qxd5 3. Nc3 Qd6 4. d4 Nf6 5. Nf3 c6 6. Be2 Bf5 7. O-O e6 8.
Ne5 Nbd7 9. Bf4 Nxe5 10. Bxe5 Qd8 11. Re1 Be7 12. Bd3 Bg6 13. Qe2 O-O 14. Red1
Nd7 15. Bxg6 hxg6 16. Ne4 Nf6 17. Rd3 Nxe4 18. Qxe4 Qd5 19. Qg4 Bf6 20. f4 Qe4
21. Rad1 Rfd8 22. Qg3 Rd7 23. Bxf6 gxf6 24. Qf3 Qf5 25. a4 Rad8 26. Qe3 Kg7 27.
g3 Qd5 28. b3 b5 29. axb5 cxb5 30. Rc3 b4 31. Rc5 Qxc5 32. dxc5 Rxd1+ 33. Kg2
R1d2+ 34. Kh3 Rxc2 0-1

[Event "BPB Limburg open"]
[Site "Maastricht"]
[Date "2015.05.25"]
[Round "6"]
[White "Ypma, Peter"]
[Black "Meijer, Dolf"]
[Result "1-0"]
[WhiteElo "2260"]
[BlackElo "2223"]
[PlyCount "115"]
[EventDate "2015.05.22"]
[EventType "swiss"]
[EventRounds "7"]
[EventCountry "NED"]
[Source "P.Boonen"]
[SourceDate "2015.10.01"]

1. d4 d5 2. c4 e6 3. Nf3 Nf6 4. g3 c6 5. Bg2 Nbd7 6. Qc2 Bd6 7. Bf4 Bxf4 8.
gxf4 Ne4 9. Nbd2 f5 10. O-O O-O 11. b4 Rf6 12. b5 Rh6 13. bxc6 bxc6 14. Qa4 Nb6
15. Qa3 Qc7 16. e3 Nxd2 17. Nxd2 g5 18. Qa5 gxf4 19. c5 fxe3 20. Nf3 Rb8 21.
cxb6 axb6 22. Qa3 exf2+ 23. Rxf2 Rg6 24. Rc1 Bb7 25. Qe3 Qd6 26. Qe5 Qf8 27.
Qc7 Ba8 28. Ne5 Rg7 29. Nd7 Re8 30. Rc3 Qe7 31. Rg3 Kh8 32. Rxg7 Qxg7 33. Qe5
Qxe5 34. dxe5 c5 35. Nxb6 Bc6 36. a4 c4 37. a5 Re7 38. Nxc4 dxc4 39. Bxc6 Rc7
40. Bf3 c3 41. Rc2 Ra7 42. Rxc3 Rxa5 43. Re3 Kg7 44. Kf2 Kg6 45. Bd1 Rc5 46.
Bb3 Kg5 47. Bxe6 Kf4 48. Rf3+ Kxe5 49. Bxf5 Rc7 50. Bd3 Rc6 51. Rh3 h6 52. Rh5+
Kd6 53. Rxh6+ Kc7 54. Rh8 Rc3 55. Ke3 Kd7 56. h4 Ke7 57. h5 Kf7 58. h6 1-0

[Event "BPB Limburg open"]
[Site "Maastricht"]
[Date "2015.05.25"]
[Round "6"]
[White "Zult, Daan"]
[Black "Kampman, Tijmen"]
[Result "1-0"]
[WhiteElo "2237"]
[BlackElo "2076"]
[PlyCount "85"]
[EventDate "2015.05.22"]
[EventType "swiss"]
[EventRounds "7"]
[EventCountry "NED"]
[Source "P.Boonen"]
[SourceDate "2015.10.01"]

1. c4 e5 2. g3 Nc6 3. Nc3 g6 4. Bg2 Bg7 5. e4 d6 6. Nge2 Be6 7. d3 Qd7 8. Nd5
Nce7 9. d4 c6 10. Ne3 f5 11. exf5 gxf5 12. dxe5 dxe5 13. Qxd7+ Kxd7 14. Bd2 Kc7
15. O-O-O a5 16. Bc3 Nh6 17. Nd5+ Nxd5 18. cxd5 Bf7 19. dxc6 bxc6 20. Rd2 Ng4
21. Rhd1 Kb6 22. Rd7 Bh6+ 23. f4 Bc4 24. R1d6 Rhc8 25. Nd4 Bf8 26. Nxc6 Bxd6
27. Rxd6 Kc7 28. fxe5 Bxa2 29. Bd4 Ra6 30. h3 Kb7 31. hxg4 Rcxc6+ 32. Rxc6
Rxc6+ 33. Bxc6+ Kxc6 34. gxf5 h5 35. Bc3 a4 36. b4 a3 37. Kd2 Kb5 38. e6 Bd5
39. Kd3 a2 40. Kd4 Bb3 41. Ke5 Kc4 42. Ba1 Kxb4 43. f6 1-0

[Event "BPB Limburg open"]
[Site "Maastricht"]
[Date "2015.05.25"]
[Round "7"]
[White "Balje, Jan"]
[Black "Clemens, Adrian HP"]
[Result "1/2-1/2"]
[WhiteElo "2203"]
[BlackElo "2172"]
[PlyCount "38"]
[EventDate "2015.05.22"]
[EventType "swiss"]
[EventRounds "7"]
[EventCountry "NED"]
[Source "P.Boonen"]
[SourceDate "2015.10.01"]

1. e4 e6 2. d4 d5 3. Nc3 Bb4 4. e5 c5 5. a3 Bxc3+ 6. bxc3 Ne7 7. Qg4 Qc7 8.
Qxg7 Rg8 9. Qxh7 cxd4 10. Ne2 Nbc6 11. f4 dxc3 12. Qd3 Bd7 13. Qxc3 O-O-O 14.
Rb1 Nf5 15. Ng3 d4 16. Qd3 Nce7 17. Bd2 Nxg3 18. hxg3 Nf5 19. Rh3 Bc6 1/2-1/2

[Event "BPB Limburg open"]
[Site "Maastricht"]
[Date "2015.05.25"]
[Round "7"]
[White "Bauer, Christian"]
[Black "Dragun, Kamil"]
[Result "1/2-1/2"]
[WhiteElo "2624"]
[BlackElo "2580"]
[PlyCount "71"]
[EventDate "2015.05.22"]
[EventType "swiss"]
[EventRounds "7"]
[EventCountry "NED"]
[Source "P.Boonen"]
[SourceDate "2015.10.01"]

1. e4 c6 2. d3 d5 3. Qe2 dxe4 4. dxe4 e5 5. Nf3 Nf6 6. Nbd2 Nbd7 7. Nc4 Qc7 8.
Bd2 Bc5 9. b4 Be7 10. g3 O-O 11. Bg2 b5 12. Na5 c5 13. c3 Nb6 14. Qxb5 Nxe4 15.
Qc6 Qxc6 16. Nxc6 Bf6 17. Nfxe5 Nxd2 18. Kxd2 cxb4 19. cxb4 Bb7 20. f4 Rad8+
21. Kc2 Bxe5 22. fxe5 Bxc6 23. Bxc6 Nc4 24. Rhe1 Rc8 25. Be4 Rfd8 26. Rac1 Nd2+
27. Kb2 Rb8 28. a3 a5 29. Bc6 axb4 30. a4 Rd3 31. Bb5 Rb3+ 32. Kc2 Rd8 33. Red1
Rc3+ 34. Kb2 Rb3+ 35. Kc2 Rc3+ 36. Kb2 1/2-1/2

[Event "BPB Limburg open"]
[Site "Maastricht"]
[Date "2015.05.25"]
[Round "7"]
[White "Beerdsen, Thomas"]
[Black "Wecker, Martin"]
[Result "1/2-1/2"]
[WhiteElo "2291"]
[BlackElo "2122"]
[PlyCount "84"]
[EventDate "2015.05.22"]
[EventType "swiss"]
[EventRounds "7"]
[EventCountry "NED"]
[Source "P.Boonen"]
[SourceDate "2015.10.01"]

1. e4 d5 2. exd5 Qxd5 3. Nc3 Qd6 4. Nf3 Nf6 5. d4 a6 6. Bd3 Bg4 7. Be3 Nc6 8.
Ne4 Nxe4 9. Bxe4 f5 10. Bd3 e5 11. dxe5 Nxe5 12. Be2 Qxd1+ 13. Rxd1 Bxf3 14.
gxf3 Bd6 15. c4 O-O-O 16. O-O Rhe8 17. c5 Be7 18. b4 Rxd1 19. Rxd1 Rd8 20. Rb1
Nc6 21. Bc4 g6 22. a4 Nd4 23. Kg2 Kb8 24. Rd1 Bf6 25. b5 axb5 26. axb5 b6 27.
c6 Nxc6 28. Rxd8+ Nxd8 29. Bg8 g5 30. f4 gxf4 31. Bxf4 h5 32. Be3 Nb7 33. Be6
Nd6 34. Bd7 Be5 35. Bg5 c5 36. bxc6 Kc7 37. Bd2 Ne4 38. Be1 f4 39. Kh3 Ng5+ 40.
Kg2 Ne4 41. Kh3 Ng5+ 42. Kg2 Ne4 1/2-1/2

[Event "BPB Limburg open"]
[Site "Maastricht"]
[Date "2015.05.25"]
[Round "7"]
[White "Beukema, Stefan"]
[Black "Braun, Christian1"]
[Result "1-0"]
[WhiteElo "2347"]
[BlackElo "2424"]
[PlyCount "127"]
[EventDate "2015.05.22"]
[EventType "swiss"]
[EventRounds "7"]
[EventCountry "NED"]
[Source "P.Boonen"]
[SourceDate "2015.10.01"]

1. e4 e6 2. d4 d5 3. Nc3 Nf6 4. Bg5 Be7 5. e5 Nfd7 6. h4 Nc6 7. Nf3 Nb6 8. Qd2
h6 9. Bxe7 Qxe7 10. b3 Bd7 11. Be2 a6 12. a4 f6 13. a5 Nc8 14. Bd3 O-O 15. Ne2
fxe5 16. dxe5 Rxf3 17. gxf3 Nxe5 18. O-O-O Qf6 19. Qc3 Nxd3+ 20. Rxd3 Qxc3 21.
Rxc3 c6 22. Nf4 Kf7 23. Nd3 Nd6 24. Nc5 Rd8 25. Re3 Bc8 26. h5 Nf5 27. Re5 Re8
28. Rg1 Rg8 29. f4 Rf8 30. Rg6 Re8 31. Kd2 Nh4 32. Rg3 Nf5 33. Rg4 Rg8 34. Kd3
Re8 35. Kc3 Rf8 36. Kb4 Ke7 37. Rg6 Nd4 38. Rxg7+ Kd6 39. Nd3 c5+ 40. Kc3 Nb5+
41. Kb2 c4 42. bxc4 dxc4 43. Nc5 Rxf4 44. Re4 c3+ 45. Kb3 Rxf2 46. Rc4 Kd5 47.
Ne4 Rf8 48. Nxc3+ Nxc3 49. Kxc3 e5 50. Rgc7 Rf3+ 51. Kb4 Bh3 52. Rxb7 Rf4 53.
Rxf4 exf4 54. Kc3 f3 55. Rf7 Ke4 56. Kd2 Bg4 57. Ke1 Bxh5 58. Rf6 Bg4 59. Kf2
Bc8 60. Rxh6 Kd5 61. Kxf3 Kc5 62. Rb6 Bf5 63. c3 Bd3 64. Ke3 1-0

[Event "BPB Limburg open"]
[Site "Maastricht"]
[Date "2015.05.25"]
[Round "7"]
[White "Bhattacharjee, Sourav"]
[Black "Broekmeulen, Jasper"]
[Result "0-1"]
[WhiteElo "2042"]
[BlackElo "2394"]
[PlyCount "132"]
[EventDate "2015.05.22"]
[EventType "swiss"]
[EventRounds "7"]
[EventCountry "NED"]
[Source "P.Boonen"]
[SourceDate "2015.10.01"]

1. e4 d5 2. exd5 Qxd5 3. Nc3 Qa5 4. d4 Nf6 5. h3 Bf5 6. Nf3 e6 7. Bd2 c6 8. Bc4
Nbd7 9. O-O Qc7 10. Nh4 Bg6 11. Nxg6 hxg6 12. Qf3 O-O-O 13. Bf4 Bd6 14. Bxd6
Qxd6 15. Rad1 g5 16. Ne4 Nxe4 17. Qxe4 Nf6 18. Qe5 Qxe5 19. dxe5 Rxd1 20. Rxd1
Nd7 21. Re1 Rh4 22. b3 Rd4 23. g3 Rd2 24. Bd3 Nc5 25. Re3 Kd7 26. b4 Nxd3 27.
Rxd3+ Rxd3 28. cxd3 c5 29. b5 a6 30. bxa6 bxa6 31. f4 gxf4 32. gxf4 Kc6 33. Kf2
Kb5 34. h4 Kb4 35. h5 Ka3 36. f5 exf5 37. Ke3 Kxa2 38. Kf4 a5 39. Kxf5 a4 40.
h6 gxh6 41. Kf6 a3 42. Kxf7 Kb3 43. e6 a2 44. e7 a1=Q 45. e8=Q Qf1+ 46. Kg7
Qxd3 47. Kxh6 c4 48. Qb5+ Kc2 49. Qa4+ Qb3 50. Qe8 Qh3+ 51. Kg5 Qg3+ 52. Kh5 c3
53. Qa4+ Kd2 54. Qb4 Qd3 55. Kh6 Kd1 56. Qg4+ Kc1 57. Qg1+ Qd1 58. Qc5 Qd2+ 59.
Kh7 Qd3+ 60. Kh8 c2 61. Qg1+ Kb2 62. Qb6+ Qb3 63. Qf2 Ka1 64. Qg1+ Ka2 65. Qa7+
Kb1 66. Qh7 Qb8+ 0-1

[Event "BPB Limburg open"]
[Site "Maastricht"]
[Date "2015.05.25"]
[Round "7"]
[White "Boer, Alef"]
[Black "Van Foreest, Lucas"]
[Result "0-1"]
[WhiteElo "2180"]
[BlackElo "2312"]
[PlyCount "152"]
[EventDate "2015.05.22"]
[EventType "swiss"]
[EventRounds "7"]
[EventCountry "NED"]
[Source "P.Boonen"]
[SourceDate "2015.10.01"]

1. c4 Nf6 2. g3 e6 3. Nf3 b6 4. Bg2 Bb7 5. O-O Be7 6. e3 O-O 7. b3 d5 8. Bb2 c5
9. d3 Nc6 10. Qe2 Qc7 11. Ne1 d4 12. e4 Ne8 13. f4 f6 14. Nd2 a6 15. Nef3 Bc8
16. g4 e5 17. f5 g5 18. h4 h6 19. Kf2 Bd7 20. Rh1 Kg7 21. Rh3 Nd6 22. hxg5 hxg5
23. Rah1 Rh8 24. Rxh8 Rxh8 25. Rxh8 Kxh8 26. a4 Kg7 27. Qd1 Be8 28. Ba3 Bf7 29.
Ne1 Qb8 30. Nc2 Nb7 31. Qb1 Nba5 32. Bc1 b5 33. axb5 axb5 34. Na3 Na7 35. Ke2
Qb7 36. Bf3 Bf8 37. Bg2 Bd6 38. Bf3 Bc7 39. Bg2 N5c6 40. Nf3 Ba5 41. Nd2 Bc3
42. Nf3 Qa6 43. Nc2 Nc8 44. Na3 Nd6 45. Nd2 Qa5 46. Nc2 Qa6 47. Na3 Nb4 48. Bf3
Kf8 49. Bg2 Ke7 50. Bf3 Be8 51. Bg2 Kf7 52. Bf3 Kg7 53. Bg2 Bc6 54. Bf3 Qc8 55.
Bg2 Kf7 56. Bf3 Qh8 57. Nf1 Qh3 58. Bd2 Bxd2 59. Nxd2 Qh2+ 60. Ke1 Qg3+ 61. Ke2
Qh2+ 62. Ke1 Qf4 63. Kd1 bxc4 64. bxc4 Ba4+ 65. Ke1 Qe3+ 66. Be2 Qg3+ 67. Kf1
Kg7 68. Bf3 Nf7 69. Be2 Kh7 70. Nb3 Qh3+ 71. Kg1 Bxb3 72. Qxb3 Nh6 73. Qd1 Qg3+
74. Kh1 Nxg4 75. Bxg4 Nxd3 76. Qf3 Nf2+ 0-1

[Event "BPB Limburg open"]
[Site "Maastricht"]
[Date "2015.05.25"]
[Round "7"]
[White "Boons, Bert"]
[Black "Mollema, Thomas"]
[Result "0-1"]
[WhiteElo "2000"]
[BlackElo "2262"]
[PlyCount "66"]
[EventDate "2015.05.22"]
[EventType "swiss"]
[EventRounds "7"]
[EventCountry "NED"]
[Source "P.Boonen"]
[SourceDate "2015.10.01"]

1. e4 c5 2. Nf3 e6 3. d4 cxd4 4. Nxd4 a6 5. Nc3 Qc7 6. g3 b5 7. Bg2 Bb7 8. O-O
Be7 9. Re1 d6 10. Qg4 Nd7 11. f4 b4 12. Na4 h5 13. Qe2 Ngf6 14. c3 Nc5 15. Qc2
bxc3 16. Nxc3 Rc8 17. Bd2 Qb6 18. Kh1 h4 19. gxh4 Ng4 20. Na4 Nxa4 21. Qxa4+
Bc6 22. Qb4 Qxb4 23. Bxb4 Nf2+ 24. Kg1 Nd3 25. Bc3 Nxe1 26. Rxe1 Bxh4 27. Rd1
Ba4 28. Rd3 Bf6 29. f5 Ke7 30. h3 Rc7 31. Kf2 Rhc8 32. Ke3 Bb5 33. Rd1 Rxc3+
0-1

[Event "BPB Limburg open"]
[Site "Maastricht"]
[Date "2015.05.25"]
[Round "7"]
[White "Broekmeulen, Joris"]
[Black "Blom, Vincent"]
[Result "1/2-1/2"]
[WhiteElo "2124"]
[BlackElo "2243"]
[PlyCount "22"]
[EventDate "2015.05.22"]
[EventType "swiss"]
[EventRounds "7"]
[EventCountry "NED"]
[Source "P.Boonen"]
[SourceDate "2015.10.01"]

1. c4 e5 2. g3 Nf6 3. Bg2 Nc6 4. Nc3 Bc5 5. Nf3 d6 6. O-O O-O 7. e3 a6 8. d4
Ba7 9. h3 h6 10. b3 exd4 11. exd4 Bf5 1/2-1/2

[Event "BPB Limburg open"]
[Site "Maastricht"]
[Date "2015.05.25"]
[Round "7"]
[White "Burg, Brent"]
[Black "Serbu, Eli"]
[Result "1/2-1/2"]
[WhiteElo "2214"]
[BlackElo "2102"]
[PlyCount "35"]
[EventDate "2015.05.22"]
[EventType "swiss"]
[EventRounds "7"]
[EventCountry "NED"]
[Source "P.Boonen"]
[SourceDate "2015.10.01"]

1. c4 Nf6 2. g3 d5 3. Bg2 g6 4. Nf3 Bg7 5. O-O O-O 6. d4 c6 7. Nbd2 h6 8. e3
Be6 9. b3 Qc8 10. Ba3 Re8 11. Rc1 Bh3 12. cxd5 Bxg2 13. Kxg2 Nxd5 14. Nc4 Nd7
15. Qd2 N5b6 16. e4 Nf6 17. Rfe1 Qe6 18. Qc2 1/2-1/2

[Event "BPB Limburg open"]
[Site "Maastricht"]
[Date "2015.05.25"]
[Round "7"]
[White "Bus, Tom"]
[Black "Schoppen, Casper"]
[Result "1-0"]
[WhiteElo "2111"]
[BlackElo "2202"]
[PlyCount "99"]
[EventDate "2015.05.22"]
[EventType "swiss"]
[EventRounds "7"]
[EventCountry "NED"]
[Source "P.Boonen"]
[SourceDate "2015.10.01"]

1. c4 Nf6 2. g3 e6 3. Nf3 d5 4. Bg2 Be7 5. O-O O-O 6. d4 dxc4 7. Qc2 a6 8. Qxc4
b5 9. Qc2 Bb7 10. Bf4 Bd6 11. Nc3 Nbd7 12. Rfd1 Qc8 13. Rac1 b4 14. Na4 Be4 15.
Qd2 Qb7 16. Ne1 Bxg2 17. Nxg2 e5 18. dxe5 Nxe5 19. Bxe5 Bxe5 20. Ne3 Rfe8 21.
Nc4 Qb5 22. b3 h5 23. Qd3 h4 24. Qf3 Rad8 25. Kg2 Bd4 26. e3 Ba7 27. g4 Qg5 28.
h3 Ne4 29. Rxd8 Qxd8 30. Rd1 Qe7 31. Rd5 f6 32. Qf5 Ng5 33. Rd7 Qf8 34. Rxc7
Bb8 35. Rb7 Rd8 36. Rd7 Rxd7 37. Qxd7 Kh8 38. Nab6 Qc5 39. Qc8+ Qxc8 40. Nxc8
Ne4 41. Ne7 Ba7 42. Nc6 Bc5 43. Nb2 Bd6 44. Nd3 a5 45. Nxa5 Nc3 46. Nc4 Be7 47.
Nc1 Kg8 48. Kf3 Kf7 49. Nd2 Ke6 50. Ne4 1-0